Ľud pánom krajiny, tvorcom vlastného osudu čísla, fakty, argumenty

Bibliographic Details
Format: Book
Language:Slovak
PhysicalDescription:54 s.
Published: Bratislava Práca 1976
Subjects:

MARC

LEADER 00000nam a2200000 a 4500
001 vtls009889438
003 SK-MaSNL
005 20260311144214.0
008 210928 1976 xo 000 0 slo
035 |a (SVKBBclas03)vtls000236318 
040 |a SNK  |b slo  |c SNK  |e AACR2 
041 |a slo 
044 |a xo  |c SK 
080 |a 339.452(437)  |2 1981 
080 |a 362(437)  |2 1981 
245 0 0 |a Ľud pánom krajiny, tvorcom vlastného osudu  |b čísla, fakty, argumenty 
260 |a Bratislava  |b Práca  |c 1976  |e Bratislava  |f Pravda 
300 |a 54 s. 
650 0 7 |a životná úroveň  |2 SNKPH  |9 2211 
650 0 7 |a sociálna starostlivosť  |2 SNKPH  |9 3737 
651 7 |a Československo  |2 SNKPHgeo  |9 21376 
958 |a OND 
999 |c 1088960  |d 1090890 
952 |a SNK  |b SNK  |y VYP  |7 0  |p 17A1140799  |o snkSC 38975 D1  |i snkKSP 4465/76  |0 0  |1 0  |4 0  |d 2015-03-12  |l 0  |r 2026-02-24 16:51:49  |w 2026-02-24